[Event "US op 124th"]
[Site "Norfolk"]
[Date "2024.08.03"]
[Round "8"]
[White "Hopson, Henry"]
[Black "Shibut, Macon A"]
[Result "1/2-1/2"]
[WhiteElo "1833"]
[BlackElo "2087"]
[PlyCount "36"]
[EventDate "2024.07.27"]
[EventType "swiss"]
[EventRounds "9"]
[EventCountry "USA"]
[SourceTitle "EXT 2025"]
[Source "ChessBase"]
[SourceDate "2024.10.14"]
[SourceVersion "1"]
[SourceVersionDate "2024.10.14"]
[SourceQuality "1"]

1. e4 e6 2. d4 d5 3. exd5 exd5 4. Nf3 Bd6 5. c4 c6 6. Nc3 Ne7 7. Bd3 dxc4 8. Bxc4 0-0 9. 0-0 Bg4 10. h3 Bh5 11. g4 Bg6 12. Ne5 c5 13. Nb5 Nbc6 14. Nxd6 Qxd6 15. Nxg6 Nxg6 16. dxc5 Qxc5 17. Qc2 Qe7 18. Be3 Qh4 1/2-1/2

[Event "US op 124th"]
[Site "Norfolk"]
[Date "2024.07.31"]
[Round "5"]
[White "Diao, Matthew Guo"]
[Black "Shibut, Macon A"]
[Result "1/2-1/2"]
[WhiteElo "2079"]
[BlackElo "2087"]
[PlyCount "21"]
[EventDate "2024.07.27"]
[EventType "swiss"]
[EventRounds "9"]
[EventCountry "USA"]
[SourceTitle "EXT 2025"]
[Source "ChessBase"]
[SourceDate "2024.10.14"]
[SourceVersion "1"]
[SourceVersionDate "2024.10.14"]
[SourceQuality "1"]

1. Nf3 Nf6 2. b3 d5 3. Bb2 Bf5 4. e3 e6 5. d4 Nbd7 6. Bd3 Bd6 7. 0-0 0-0 8. c4 c6 9. Nc3 Bxd3 10. Qxd3 Qe7 11. Rad1 1/2-1/2

[Event "Eastern op 45th"]
[Site "Tysons"]
[Date "2018.12.30"]
[Round "6"]
[White "Shibut, Macon A"]
[Black "Senft, Sean"]
[Result "1-0"]
[WhiteElo "2161"]
[BlackElo "2018"]
[PlyCount "57"]
[EventDate "2018.12.27"]
[EventType "swiss"]
[EventRounds "7"]
[EventCountry "USA"]
[SourceTitle "CBM 188 Extra"]
[Source "ChessBase"]
[SourceDate "2019.02.28"]
[SourceVersion "1"]
[SourceVersionDate "2019.02.28"]
[SourceQuality "1"]

1. e4 c5 2. Nf3 d6 3. c3 Nf6 4. Be2 Nc6 5. d4 cxd4 6. cxd4 Nxe4 7. d5 Qa5+ 8. Nc3 Nxc3 9. bxc3 Nb8 10. 0-0 Nd7 11. Re1 Nf6 12. Rb1 Qxd5 13. Bb5+ Bd7 14. Bxd7+ Kxd7 15. Qa4+ Kd8 16. Ng5 Kc7 17. c4 Qc6 18. Qb3 h6 19. Nxf7 Rh7 20. c5 Qd5 21. cxd6+ exd6 22. Qc2+ Kb8 23. Qg6 Kc7 24. Bf4 Qh5 25. Qc2+ Kb8 26. Rxb7+ Kxb7 27. Rb1+ Ka6 28. Qc6+ Ka5 29. Bd2# 1-0

[Event "Eastern op 45th"]
[Site "Tysons"]
[Date "2018.12.28"]
[Round "2"]
[White "Wiebe, Isaac"]
[Black "Shibut, Macon A"]
[Result "1-0"]
[WhiteElo "2099"]
[BlackElo "2161"]
[PlyCount "71"]
[EventDate "2018.12.27"]
[EventType "swiss"]
[EventRounds "7"]
[EventCountry "USA"]
[SourceTitle "CBM 188 Extra"]
[Source "ChessBase"]
[SourceDate "2019.02.28"]
[SourceVersion "1"]
[SourceVersionDate "2019.02.28"]
[SourceQuality "1"]

1. e4 c5 2. Nf3 Nc6 3. d4 cxd4 4. Nxd4 Nf6 5. Nc3 e5 6. Ndb5 d6 7. Nd5 Nxd5 8. exd5 Nb8 9. a4 Be7 10. Be2 0-0 11. 0-0 f5 12. f4 a6 13. Na3 Nd7 14. Nc4 exf4 15. Bxf4 g5 16. Be3 f4 17. Bd4 Nf6 18. Nb6 Rb8 19. c4 Bf5 20. a5 Qe8 21. b4 Rd8 22. c5 Ne4 23. Rc1 dxc5 24. bxc5 Bf6 25. Re1 Qg6 26. Bxf6 Rxf6 27. d6 Kg7 28. Qd4 Kh6 29. Nd5 Rf7 30. Bf3 Nxd6 31. cxd6 Rxd6 32. h4 g4 33. Qxf4+ Kh5 34. Qe5 Kxh4 35. g3+ Kg5 36. Qe3+ 1-0

[Event "US Open-118"]
[Site "Norfolk"]
[Date "2017.08.04"]
[Round "7"]
[White "Shibut, Macon A"]
[Black "Popilski, Gil"]
[Result "1/2-1/2"]
[WhiteElo "2162"]
[BlackElo "2530"]
[PlyCount "56"]
[EventDate "2017.07.29"]
[EventType "swiss"]
[EventRounds "9"]
[EventCountry "USA"]
[SourceTitle "CBM 179 Extra"]
[Source "ChessBase"]
[SourceDate "2017.08.23"]
[SourceVersion "1"]
[SourceVersionDate "2017.08.23"]
[SourceQuality "1"]

1. e4 d5 2. exd5 Qxd5 3. d4 Nf6 4. Nf3 c6 5. Be2 Bg4 6. 0-0 Nbd7 7. c4 Qd6 8. Nc3 e6 9. Be3 Be7 10. Qd2 Qc7 11. h3 Bxf3 12. Bxf3 0-0 13. Rad1 Rad8 14. Qe2 Rfe8 15. a3 Bd6 16. g3 e5 17. d5 e4 18. Bg2 Be5 19. dxc6 bxc6 20. Qc2 Rb8 21. Rd2 Qa5 22. Na4 Nb6 23. Nxb6 axb6 24. Rfd1 h6 25. Re2 b5 26. Bc1 Qb6 27. Bxe4 Qc7 28. c5 Bxg3 1/2-1/2

[Event "Las Vegas National op"]
[Site "Las Vegas"]
[Date "2010.06.11"]
[Round "2"]
[White "Panchanathan, Magesh Chandran"]
[Black "Shibut, Macon A"]
[Result "1-0"]
[WhiteElo "2549"]
[BlackElo "2246"]
[PlyCount "191"]
[EventDate "2010.06.11"]
[EventType "swiss"]
[EventRounds "6"]
[EventCountry "USA"]
[SourceTitle "CBM 136 Extra"]
[Source "ChessBase"]
[SourceDate "2010.07.02"]
[SourceVersion "2"]
[SourceVersionDate "2010.07.15"]
[SourceQuality "1"]

1. Nf3 Nf6 2. g3 g6 3. Bg2 Bg7 4. 0-0 0-0 5. d4 d6 6. a4 c5 7. a5 Na6 8. Nc3 Rb8 9. e4 b5 10. e5 Ne8 11. exd6 Nxd6 12. dxc5 Nxc5 13. Be3 Bxc3 14. bxc3 Qc7 15. Qd4 Ne6 16. Qe5 Rd8 17. Nd4 Nxd4 18. Bxd4 f6 19. Qd5+ Kg7 20. a6 Bf5 21. Rfe1 Rd7 22. Qc5 Qxc5 23. Bxc5 Rc8 24. Bb4 Bxc2 25. Bd5 Bf5 26. f4 Nf7 27. Bb7 Rcc7 28. Ba5 Rc4 29. Rad1 Rxd1 30. Rxd1 e5 31. Bb6 axb6 32. Ra1 Bc8 33. Bd5 Bxa6 34. Bxc4 bxc4 35. Rxa6 exf4 36. gxf4 Nd6 37. Rxb6 Ne4 38. Rc6 Nxc3 39. Rxc4 Nd5 40. Rd4 Ne7 41. Rd7 Kf7 42. Kf2 Ke6 43. Rb7 h5 44. Kf3 Nf5 45. Rb6+ Kf7 46. Ke4 Ne7 47. Kd4 Nf5+ 48. Ke4 Ne7 49. Ra6 Nf5 50. Kd5 Ne7+ 51. Kd6 Nf5+ 52. Kc5 Ne7 53. Ra1 g5 54. fxg5 fxg5 55. Kd6 Kf6 56. Rf1+ Nf5+ 57. Kd5 Kg6 58. Ke6 Ng7+ 59. Ke5 g4 60. Rf6+ Kg5 61. Rf8 Kg6 62. Rg8 Kf7 63. Ra8 Kg6 64. Rf8 h4 65. Ra8 g3 66. h3 Nf5 67. Ke4 Nh6 68. Kf4 Kh5 69. Ra6 Nf7 70. Ra5+ Kg6 71. Kg4 g2 72. Ra1 Ne5+ 73. Kf4 Kf6 74. Rg1 Ng6+ 75. Kf3 Kf5 76. Kxg2 Nf4+ 77. Kh2 Ng6 78. Rg4 Kf6 79. Kg2 Kg7 80. Kf2 Kh6 81. Ke3 Kh5 82. Ke4 Nf8 83. Kf5 Nh7 84. Rg7 Kh6 85. Rg8 Kh5 86. Rh8 Kh6 87. Kg4 Kg6 88. Kxh4 Nf6 89. Ra8 Kh6 90. Kg3 Kg5 91. Ra5+ Kh6 92. Kf4 Kg6 93. Ra6 Kg7 94. Kg5 Ng8 95. Ra7+ Kh8 96. h4 1-0

[Event "Virginia Beach Millennium op 8th"]
[Site "Virginia Beach"]
[Date "2007.03.04"]
[Round "5"]
[White "Shibut, Macon A"]
[Black "Ehlvest, Jaan"]
[Result "0-1"]
[WhiteElo "2309"]
[BlackElo "2610"]
[PlyCount "68"]
[EventDate "2007.03.02"]
[EventType "swiss"]
[EventRounds "5"]
[EventCountry "USA"]
[SourceTitle "CBM 117 Extra"]
[Source "ChessBase"]
[SourceDate "2007.05.09"]
[SourceVersion "1"]
[SourceVersionDate "2007.05.09"]
[SourceQuality "1"]

1. e4 g6 2. g3 Bg7 3. Bg2 c5 4. Ne2 Nc6 5. 0-0 Nf6 6. c4 0-0 7. Nbc3 Ne8 8. d3 Nc7 9. Be3 Ne6 10. Qd2 d6 11. Bh6 Rb8 12. Bxg7 Kxg7 13. f4 Bd7 14. f5 Ned4 15. Rf2 Nxe2+ 16. Nxe2 Ne5 17. h3 b5 18. b3 a5 19. Nc3 a4 20. Nd5 f6 21. cxb5 Bxb5 22. Nf4 Bd7 23. bxa4 g5 24. Nd5 Bc6 25. d4 cxd4 26. Qxd4 Bxd5 27. exd5 Qa5 28. a3 Rfc8 29. Bf1 Rb3 30. Kh2 Nf3+ 31. Rxf3 Rxf3 32. Bg2 Qc3 33. Qa7 Re3 34. Rb1 Qe5 0-1

[Event "Washington Eastern op 33rd"]
[Site "Washington DC"]
[Date "2006.12.30"]
[Round "8"]
[White "Kaufman, Larry C"]
[Black "Shibut, Macon A"]
[Result "1/2-1/2"]
[WhiteElo "2369"]
[BlackElo "2308"]
[PlyCount "66"]
[EventDate "2006.12.27"]
[EventType "swiss"]
[EventRounds "8"]
[EventCountry "USA"]
[SourceTitle "CBM 115 Extra"]
[Source "ChessBase"]
[SourceDate "2007.01.10"]
[SourceVersion "1"]
[SourceVersionDate "2007.01.10"]
[SourceQuality "1"]

1. d4 Nf6 2. c4 d6 3. Nc3 c6 4. e4 Nbd7 5. f4 e5 6. Nf3 Be7 7. Be2 0-0 8. 0-0 Re8 9. Kh1 exd4 10. Nxd4 Bf8 11. Bf3 Nc5 12. Re1 a5 13. Nb3 Nfd7 14. Be3 Qc7 15. Nd4 a4 16. Rb1 Qa5 17. Qc2 Nf6 18. b4 axb3 19. axb3 Na6 20. Ra1 Qc7 21. Qd3 Bg4 22. Bxg4 Nxg4 23. Bg1 Rad8 24. Rab1 Qa5 25. Ra1 Qc7 26. Qd1 Nf6 27. Qf3 Nc5 28. Bf2 Ra8 29. Rab1 Qd7 30. h3 Qc7 31. Nf5 Ne6 32. Bh4 Nd7 33. b4 g6 1/2-1/2

[Event "Virginia Beach Millennium op 5th"]
[Site "Virginia Beach"]
[Date "2004.04.04"]
[Round "5"]
[White "Sevilla, Chris"]
[Black "Shibut, Macon A"]
[Result "0-1"]
[WhiteElo "2110"]
[BlackElo "2326"]
[PlyCount "94"]
[EventDate "2004.04.02"]
[EventType "swiss"]
[EventRounds "5"]
[EventCountry "USA"]
[SourceTitle "CBM 099 Extra"]
[Source "ChessBase"]
[SourceDate "2004.05.04"]
[SourceVersion "1"]
[SourceVersionDate "2004.05.04"]
[SourceQuality "1"]

1. e4 c6 2. d4 d5 3. exd5 cxd5 4. c4 Nf6 5. Nc3 Nc6 6. Nf3 Be6 7. cxd5 Bxd5 8. Bb5 e6 9. Nxd5 Qxd5 10. Qa4 Be7 11. 0-0 0-0 12. Be3 Bd6 13. Rac1 Ne7 14. Bc4 Qh5 15. Qb3 Nf5 16. Ne5 Bxe5 17. dxe5 Nxe3 18. Qxe3 Ng4 19. Qg3 Nxe5 20. Rfe1 Nxc4 21. Rxc4 Qa5 22. Qe3 Qxa2 23. Rb4 Qd5 24. Ra1 b5 25. Qb3 Qxb3 26. Rxb3 a6 27. Rba3 Rfc8 28. g3 Rc6 29. b4 Kf8 30. Kg2 Ke7 31. Ra5 Rd8 32. R5a2 Rd4 33. Rb2 Kd7 34. Rab1 Kc7 35. Ra1 Kb6 36. Ra3 Kb7 37. Ra1 Rcc4 38. Rab1 Kb6 39. Kg1 g5 40. Kg2 h5 41. Kh3 h4 42. Kg2 hxg3 43. hxg3 g4 44. Kf1 Rd8 45. Ra1 Rdc8 46. Kg2 Rc2 47. Rbb1 Rd8 0-1

[Event "World op 31st"]
[Site "Philadelphia"]
[Date "2003.07.01"]
[Round "2"]
[White "Shibut, Macon A"]
[Black "Kosteniuk, Alexandra"]
[Result "1-0"]
[WhiteElo "2329"]
[BlackElo "2452"]
[PlyCount "61"]
[EventDate "2003.06.30"]
[EventType "swiss"]
[EventRounds "9"]
[EventCountry "USA"]
[SourceTitle "EXT 2004"]
[Source "ChessBase"]
[SourceDate "2003.11.25"]
[SourceVersion "1"]
[SourceVersionDate "2003.11.25"]
[SourceQuality "1"]

1. e4 c5 2. Nf3 Nc6 3. c3 d5 4. exd5 Qxd5 5. d4 Nf6 6. Be2 e6 7. 0-0 cxd4 8. Nxd4 Nxd4 9. cxd4 Be7 10. Nc3 Qd6 11. Bf3 0-0 12. Be3 Bd7 13. d5 e5 14. Qb3 Bg4 15. Nb5 Qd7 16. Bxg4 Nxg4 17. d6 Bd8 18. Bc5 a6 19. Nc7 Rc8 20. Rad1 Qc6 21. d7 Bxc7 22. dxc8Q Rxc8 23. h3 Nf6 24. Be3 b5 25. Rc1 Qb7 26. Rfd1 h6 27. Qc2 e4 28. Bf4 e3 29. fxe3 Qb6 30. Bxc7 Qxe3+ 31. Qf2 1-0

[Event "Virginia Beach Millennium op 2nd"]
[Site "Virginia Beach"]
[Date "2001.03.04"]
[Round "5"]
[White "Novikov, Igor A"]
[Black "Shibut, Macon A"]
[Result "1-0"]
[WhiteElo "2596"]
[BlackElo "2277"]
[PlyCount "53"]
[EventDate "2001.03.02"]
[EventType "swiss"]
[EventRounds "5"]
[EventCountry "USA"]
[SourceTitle "CBM 081 Extra"]
[Source "ChessBase"]
[SourceDate "2001.05.06"]
[SourceVersion "1"]
[SourceVersionDate "2001.05.06"]
[SourceQuality "1"]

1. d4 Nf6 2. c4 g6 3. Nc3 Bg7 4. e4 d6 5. f3 a6 6. Be3 Nc6 7. Nge2 Rb8 8. Rb1 0-0 9. Qd2 Re8 10. b4 Bd7 11. b5 axb5 12. cxb5 Na5 13. Ng3 Be6 14. d5 Bd7 15. Bd3 b6 16. 0-0 e6 17. Bg5 Qc8 18. Rbc1 exd5 19. Bxf6 Bxf6 20. Nxd5 Bd8 21. Qh6 Re5 22. f4 Rxd5 23. exd5 Bf6 24. f5 Qd8 25. fxg6 fxg6 26. Bxg6 Bd4+ 27. Kh1 1-0

[Event "Washington Eastern op"]
[Site "Washington DC"]
[Date "2000.12.30"]
[Round "7"]
[White "Strenzwilk, Denis"]
[Black "Shibut, Macon A"]
[Result "0-1"]
[WhiteElo "2171"]
[BlackElo "2270"]
[PlyCount "68"]
[EventDate "2000.12.27"]
[EventType "swiss"]
[EventRounds "8"]
[EventCountry "USA"]
[SourceTitle "EXT 2002"]
[Source "ChessBase"]
[SourceDate "2001.11.25"]
[SourceVersion "1"]
[SourceVersionDate "2001.11.25"]
[SourceQuality "1"]

1. b3 c5 2. Bb2 Nc6 3. e3 e5 4. c4 g6 5. Nf3 Bg7 6. Be2 Nge7 7. 0-0 0-0 8. Qc1 d6 9. d3 h6 10. Nbd2 Be6 11. a3 Qd7 12. Rb1 Rfc8 13. Qd1 a6 14. Ne4 Rab8 15. d4 Bf5 16. Bd3 cxd4 17. exd4 exd4 18. Bc2 d5 19. Nc5 Qd6 20. Bxf5 Nxf5 21. cxd5 Qxd5 22. b4 a5 23. Na4 Rd8 24. Nb6 Qb5 25. bxa5 Nxa5 26. Bc3 Qa6 27. Bd2 Nc4 28. Nxc4 Qxc4 29. Bf4 Ra8 30. Rxb7 Rxa3 31. Qb1 d3 32. Be5 Nh4 33. Nd2 Qd5 34. Bxg7 Qxg2# 0-1

[Event "Washington Eastern op"]
[Site "Washington DC"]
[Date "2000.12.29"]
[Round "5"]
[White "Shibut, Macon A"]
[Black "Zlotnikov, Mikhail"]
[Result "1/2-1/2"]
[WhiteElo "2270"]
[BlackElo "2344"]
[PlyCount "83"]
[EventDate "2000.12.27"]
[EventType "swiss"]
[EventRounds "8"]
[EventCountry "USA"]
[SourceTitle "EXT 2002"]
[Source "ChessBase"]
[SourceDate "2001.11.25"]
[SourceVersion "1"]
[SourceVersionDate "2001.11.25"]
[SourceQuality "1"]

1. b3 c5 2. Bb2 Nc6 3. Nf3 d6 4. g3 e5 5. Bg2 g6 6. 0-0 Bg7 7. c4 Nge7 8. Nc3 0-0 9. Ne1 Be6 10. Nd5 Rb8 11. d3 b5 12. Nc2 a5 13. Rb1 Nb4 14. Nxe7+ Qxe7 15. a3 Nxc2 16. Qxc2 Qd7 17. a4 b4 18. Rbd1 Bh3 19. Bxh3 Qxh3 20. e4 f5 21. f3 Bh6 22. Bc1 Bxc1 23. Rxc1 Rb7 24. Qg2 Qh6 25. f4 exf4 26. Rxf4 fxe4 27. Rxf8+ Kxf8 28. Rf1+ Rf7 29. Rxf7+ Kxf7 30. Qxe4 Qc1+ 31. Kg2 Kf6 32. Qh4+ Qg5 33. Qxg5+ Kxg5 34. Kf3 Kf5 35. h3 Ke5 36. Ke3 d5 37. h4 h6 38. g4 h5 39. gxh5 gxh5 40. cxd5 Kxd5 41. Ke2 Ke6 42. Kf2 1/2-1/2

[Event "Virginia State-ch"]
[Site "Charlottesville"]
[Date "2000.09.03"]
[Round "4"]
[White "Traldi, Arthur"]
[Black "Shibut, Macon A"]
[Result "1-0"]
[WhiteElo "2038"]
[BlackElo "2270"]
[PlyCount "58"]
[EventDate "2000.09.02"]
[EventType "swiss"]
[EventRounds "6"]
[EventCountry "USA"]
[SourceTitle "EXT 2001"]
[Source "ChessBase"]
[SourceDate "2000.11.22"]
[SourceVersion "1"]
[SourceVersionDate "2000.11.22"]
[SourceQuality "1"]

1. e4 c5 2. Nf3 Nc6 3. d4 cxd4 4. Nxd4 Nf6 5. Nc3 e5 6. Ndb5 d6 7. Bg5 a6 8. Na3 Be6 9. Nc4 Rc8 10. Ne3 Qb6 11. Bxf6 Qxb2 12. Ncd5 Bxd5 13. Nxd5 Nb4 14. Bd3 Nxd5 15. exd5 Qc3+ 16. Kf1 gxf6 17. Rb1 Rc7 18. Qf3 Ke7 19. h4 Qa3 20. Qe3 Qxa2 21. Qb6 Kd8 22. Rb4 Kc8 23. Qa7 e4 24. Rxe4 Rc5 25. Re8+ Kc7 26. Kg1 Rxd5 27. Kh2 Qa4 28. Rb1 Rb5 29. Bxb5 axb5 1-0

[Event "Atlantic op"]
[Site "Washington DC"]
[Date "1999.08.29"]
[Round "5"]
[White "Meyer, Eugene B"]
[Black "Shibut, Macon A"]
[Result "1-0"]
[WhiteElo "2434"]
[BlackElo "2282"]
[PlyCount "83"]
[EventDate "1999.08.27"]
[EventType "swiss"]
[EventRounds "5"]
[EventCountry "USA"]
[SourceTitle "EXT 2000"]
[Source "ChessBase"]
[SourceDate "1999.11.16"]
[SourceVersion "1"]
[SourceVersionDate "1999.11.16"]
[SourceQuality "1"]

1. c4 Nf6 2. Nf3 g6 3. Nc3 Bg7 4. g3 d6 5. d4 0-0 6. Bg2 Nc6 7. 0-0 Bg4 8. d5 Na5 9. Nd2 c5 10. Qc2 Qd7 11. b3 Bh3 12. Bb2 Bxg2 13. Kxg2 e5 14. e4 Nh5 15. Ne2 b6 16. f4 exf4 17. Bxg7 Nxg7 18. Nxf4 Rae8 19. Qc3 Nb7 20. Rae1 f6 21. Nd3 Qe7 22. Rf2 Rf7 23. h3 Ref8 24. Nf3 Qd7 25. Nh2 Ne8 26. Ng4 Kg7 27. Qc1 Nd8 28. Qh6+ Kg8 29. Qf4 Kg7 30. h4 f5 31. Nh6 Rf6 32. exf5 Nf7 33. Rfe2 Nxh6 34. Re7+ Qxe7 35. Rxe7+ Nf7 36. g4 h5 37. Nf2 gxf5 38. gxf5 Kh8 39. Ne4 Rg8+ 40. Kh3 Rg4 41. Rxe8+ Kg7 42. Rg8+ 1-0

[Event "Atlantic op"]
[Site "Washington DC"]
[Date "1999.08.29"]
[Round "4"]
[White "Shibut, Macon A"]
[Black "Gersov, Evgeny"]
[Result "1-0"]
[WhiteElo "2282"]
[BlackElo "2256"]
[PlyCount "59"]
[EventDate "1999.08.27"]
[EventType "swiss"]
[EventRounds "5"]
[EventCountry "USA"]
[SourceTitle "EXT 2002"]
[Source "ChessBase"]
[SourceDate "2001.11.25"]
[SourceVersion "1"]
[SourceVersionDate "2001.11.25"]
[SourceQuality "1"]

1. e4 c5 2. Nc3 Nc6 3. f4 e6 4. Nf3 d6 5. Bb5 Bd7 6. 0-0 a6 7. Bxc6 Bxc6 8. d3 Nf6 9. Qe1 Be7 10. Kh1 0-0 11. e5 Nd7 12. Ne4 d5 13. Neg5 h6 14. Nh3 d4 15. Qg3 Kh8 16. Bd2 b5 17. Rae1 Nb6 18. Qg4 Rc8 19. f5 exf5 20. Qxf5 Be8 21. Nhg5 hxg5 22. Nxg5 Bxg5 23. Bxg5 Bd7 24. Qf4 Qxg5 25. Qxg5 Rc6 26. Re4 Kg8 27. Rf6 Rfc8 28. Rxc6 Bxc6 29. Rg4 g6 30. Qh6 1-0